Sesion solemne celebrada por la Real Academia Gaditana de Ciencias y Letras con motivo de la recepcion del Pablo Medina y Guerrero el 22 de mayo de 1879. (Record no. 163060)
[ view plain ]
| 000 -LEADER | |
|---|---|
| campo de control de longitud fija | 00903nam a22001935i 4500 |
| 001 - NÚMERO DE CONTROL | |
| campo de control | 163060 |
| 003 - IDENTIFICADOR DE NÚMERO DE CONTROL | |
| campo de control | ES-MaACL |
| 005 - FECHA Y HORA DE LA ÚLTIMA TRANSACCIÓN | |
| campo de control | 20230906212648.0 |
| 008 - DATOS DE LONGITUD FIJA--INFORMACIÓN GENERAL | |
| campo de control de longitud fija | 040909s1879 sp |||| | spa d |
| 040 ## - FUENTE DE CATALOGACIÓN | |
| Centro catalogador/agencia de origen | CAM |
| Lengua de catalogación | spa |
| Centro/agencia transcriptor | CAM |
| 110 2# - ENTRADA PRINCIPAL--NOMBRE DE ENTIDAD CORPORATIVA | |
| Nombre de entidad corporativa o nombre de jurisdicción como elemento de entrada | Real Academia Gaditana de Ciencias y Letras. |
| 9 (RLIN) | 6340 |
| 245 10 - MENCIÓN DEL TÍTULO | |
| Título | Sesion solemne celebrada por la Real Academia Gaditana de Ciencias y Letras con motivo de la recepcion del Pablo Medina y Guerrero el 22 de mayo de 1879. |
| 260 ## - PUBLICACIÓN, DISTRIBUCIÓN, ETC. | |
| Lugar de publicación, distribución, etc. | Cádiz : |
| Nombre del editor, distribuidor, etc. | [s.n.], |
| Fecha de publicación, distribución, etc. | 1879 ( |
| Fabricante | Establecimiento tipográfico de José María Gálvez) |
| 300 ## - DESCRIPCIÓN FÍSICA | |
| Extensión | 52 p. ; |
| Dimensiones | 20 cm. |
| 505 8# - NOTA DE CONTENIDO CON FORMATO | |
| Nota de contenido con formato | Discurso de Pablo Medina y Guerrero, y contestación por José M. Fernández de Cires |
| 700 11 - ENTRADA AGREGADA--NOMBRE PERSONAL | |
| Nombre de persona | Medina y Guerrero, Pablo. |
| 9 (RLIN) | 129786 |
| 700 11 - ENTRADA AGREGADA--NOMBRE PERSONAL | |
| Nombre de persona | Fernández de Cires, José María. |
| 9 (RLIN) | 127048 |
| 852 ## - LOCALIZACIÓN | |
| Ubicación | ES-MaACL |
| Número de control de estantería | T-342-F-5 |
| Nota libre | -- Enc. hol. |
| condición física | -- Falto de la cub. original |
| Nota libre | -- Enc. en un vol. facticio |
| Estatus retirado | Estado de pérdida | Estado de daño | No para préstamo | Colección | Biblioteca de origen | Biblioteca actual | Ubicación en estantería | Fecha de adquisición | Total de préstamos | Signatura topográfica completa | Código de barras | Visto por última vez | Precio de reemplazo | Tipo de ítem Koha |
|---|---|---|---|---|---|---|---|---|---|---|---|---|---|---|
| Colección de folletos | Biblioteca del Ateneo de Madrid | Biblioteca del Ateneo de Madrid | Depósito folletos | 17/01/2008 | T-342-F-5 | 1170860 | 23/02/2023 | 23/02/2023 | Folleto |
